| 000 | 00469nam a2200169Ia 4500 | ||
|---|---|---|---|
| 005 | 20250317123900.0 | ||
| 008 | 008 250317s9999 xx 000 0 eng d | ||
| 037 | _aTextbook | ||
| 040 |
_aFMSL _beng _cFMSL |
||
| 041 |
_aeng _2eng |
||
| 084 |
_aX724 Q2 _qFMSL |
||
| 100 |
_aBangar Y _9740793 |
||
| 245 | 0 | _aIndirect taxes | |
| 260 |
_aIndia _bIndia, Aadhya Prakashan _c2012 |
||
| 942 |
_cTB _hX724 Q2 |
||
| 999 |
_c1253129 _d1253129 |
||